000 00303nam a2200145Ia 4500
100 _aSierra/kathy/ Bates/B
942 _cBK
366 _f20
245 _aHead First EJB
260 _bShroff Publishers
_c2003
082 _a5.133
_bSIE
300 _a700
546 _aENGLISH
_cComputers
999 _c23896
_d23896